书目信息 |
| 题名: |
湖泊水质目标风险管理研究
|
|
| 作者: | 梁中耀 , 刘永 著 | |
| 分册: | ||
| 出版信息: | 北京 科学出版社 2019.11 |
|
| 页数: | 199页, [2] 页图版 | |
| 开本: | 24cm | |
| 丛书名: | ||
| 单 册: | ||
| 中图分类: | X32 | |
| 科图分类: | ||
| 主题词: | 湖泊--hu bo--水质管理--研究 | |
| 电子资源: | ||
| ISBN: | 978-7-03-062693-6 | |
| 000 | 01087nam0 2200277 450 | |
| 001 | 0100015414 | |
| 005 | 20201024210218.0 | |
| 010 | @a978-7-03-062693-6@dCNY99.00 | |
| 100 | @a20191205d2019 em y0chiy50 ea | |
| 101 | 0 | @achi |
| 102 | @aCN@b110000 | |
| 105 | @aaf a 000yy | |
| 106 | @ar | |
| 200 | 1 | @a湖泊水质目标风险管理研究@Ahu bo shui zhi mu biao feng xian guan li yan jiu@f梁中耀, 刘永著 |
| 210 | @a北京@c科学出版社@d2019.11 | |
| 215 | @a199页, [2] 页图版@c图@d24cm | |
| 312 | @a英文题名取自封面 | |
| 320 | @a有书目 (第176-194页) | |
| 330 | @a本书提出了湖泊水质目标风险管理的3个关键步骤, 即水质达标评价、水质基准的建立、负荷削减决策, 识别出其中的4个主要风险来源, 即水质变量的不确定性、响应关系的动态性、响应关系的非线性、响应关系的时滞性。 | |
| 510 | 1 | @aIntegrated methodology framework for risk identification in lake water quality-based management@zeng |
| 606 | 0 | @a湖泊@Ahu bo@x水质管理@x研究 |
| 690 | @aX32@v5 | |
| 701 | 0 | @a梁中耀@Aliang zhong yao@4著 |
| 701 | 0 | @a刘永@Aliu yong@4著 |
| 801 | 0 | @aCN@c20191205 |
| 905 | @a河南城建学院图书馆@dX32@f1@eL424 | |
| 湖泊水质目标风险管理研究/梁中耀, 刘永著.-北京:科学出版社,2019.11 |
| 199页, [2] 页图版:图;24cm |
| ISBN 978-7-03-062693-6:CNY99.00 |
| 本书提出了湖泊水质目标风险管理的3个关键步骤, 即水质达标评价、水质基准的建立、负荷削减决策, 识别出其中的4个主要风险来源, 即水质变量的不确定性、响应关系的动态性、响应关系的非线性、响应关系的时滞性。 |
| ● |
| 相关链接 |
|
|
|
正题名:湖泊水质目标风险管理研究
索取号:X32/L424
 
预约/预借
| 序号 | 登录号 | 条形码 | 馆藏地/架位号 | 状态 | 备注 |
| 1 | 1508772 | 215087723 | 自科库501/501自科库 65排6列1层/ [索取号:X32/L424] | 在馆 |